<?xml version="1.0" encoding="UTF-8"?>
<record
    xmlns:xsi="http://www.w3.org/2001/XMLSchema-instance"
    xsi:schemaLocation="http://www.loc.gov/MARC21/slim http://www.loc.gov/standards/marcxml/schema/MARC21slim.xsd"
    xmlns="http://www.loc.gov/MARC21/slim">

  <leader>01132nam a2200253 a 4500</leader>
  <controlfield tag="001">39785</controlfield>
  <controlfield tag="003">BD-RjUL</controlfield>
  <controlfield tag="005">20211209053045.0</controlfield>
  <controlfield tag="008">160418s2016    bg a|||| |||| 001 0 ben d</controlfield>
  <datafield tag="020" ind1=" " ind2=" ">
    <subfield code="a">9789849185864</subfield>
    <subfield code="c">:  TK 600.00 </subfield>
  </datafield>
  <datafield tag="035" ind1=" " ind2=" ">
    <subfield code="a">(BD-RjUL)39898</subfield>
  </datafield>
  <datafield tag="040" ind1=" " ind2=" ">
    <subfield code="a">BD-RjUL</subfield>
    <subfield code="b">ben </subfield>
    <subfield code="c">BD-RjUL</subfield>
  </datafield>
  <datafield tag="041" ind1=" " ind2=" ">
    <subfield code="a">ben </subfield>
  </datafield>
  <datafield tag="082" ind1=" " ind2=" ">
    <subfield code="2">23 </subfield>
    <subfield code="a">954.14 </subfield>
    <subfield code="b">CHD 2016 </subfield>
  </datafield>
  <datafield tag="100" ind1=" " ind2=" ">
    <subfield code="a">&#x99A;&#x9CD;&#x9AF;&#x9BE;&#x99F;&#x9BE;&#x9B0;&#x9CD;&#x99C;&#x9C0;, &#x99C;&#x9AF;&#x9BC;&#x9BE; </subfield>
    <subfield code="9">122569</subfield>
  </datafield>
  <datafield tag="245" ind1="1" ind2="0">
    <subfield code="a">&#x9A6;&#x9C7;&#x9B6;&#x9AD;&#x9BE;&#x997;&#x9C7;&#x9B0; &#x985;&#x9B0;&#x9CD;&#x99C;&#x9A8; : </subfield>
    <subfield code="b">&#x9AC;&#x9BE;&#x982;&#x9B2;&#x9BE; &#x993; &#x9AD;&#x9BE;&#x9B0;&#x9A4; &#x9E7;&#x9EF;&#x9EA;&#x9ED;-&#x9E7;&#x9EF;&#x9EC;&#x9ED; /</subfield>
    <subfield code="c">&#x99C;&#x9AF;&#x9BC;&#x9BE; &#x99A;&#x9CD;&#x9AF;&#x9BE;&#x99F;&#x9BE;&#x9B0;&#x9CD;&#x99C;&#x9C0; ; &#x986;&#x9AC;&#x9C1; &#x99C;&#x9BE;&#x9AB;&#x9B0; &#x985;&#x9A8;&#x9C2;&#x9A6;&#x9BF;&#x9A4; </subfield>
  </datafield>
  <datafield tag="260" ind1=" " ind2=" ">
    <subfield code="a">&#x9A2;&#x9BE;&#x995;&#x9BE; :</subfield>
    <subfield code="b">&#x9AE;&#x9BE;&#x993;&#x9B2;&#x9BE; &#x9AC;&#x9CD;&#x9B0;&#x9BE;&#x9A6;&#x9BE;&#x9B0;&#x9CD;&#x9B8;,</subfield>
    <subfield code="c">&#x9E8;&#x9E6;&#x9E7;&#x9EC; </subfield>
  </datafield>
  <datafield tag="300" ind1=" " ind2=" ">
    <subfield code="a">xi, &#x9E9;&#x9EF;&#x9EF; &#x9AA;&#x9C3;. ;</subfield>
    <subfield code="c">&#x9E8;&#x9E8; &#x9B8;&#x9C7;&#x9AE;&#x9BF;. </subfield>
  </datafield>
  <datafield tag="504" ind1=" " ind2=" ">
    <subfield code="a">&#x997;&#x9CD;&#x9B0;&#x9A8;&#x9CD;&#x9A5;&#x9A4;&#x9BE;&#x9B2;&#x9BF;&#x995;&#x9BE; &#x993; &#x9A8;&#x9BF;&#x9B0;&#x9CD;&#x998;&#x9A8;&#x9CD;&#x99F; &#x9B8;&#x9AE;&#x9CD;&#x9AC;&#x9B2;&#x9BF;&#x9A4;</subfield>
  </datafield>
  <datafield tag="650" ind1=" " ind2=" ">
    <subfield code="a">History </subfield>
    <subfield code="z">West Bengal (india) </subfield>
    <subfield code="9">122570</subfield>
  </datafield>
  <datafield tag="650" ind1=" " ind2=" ">
    <subfield code="a">&#x987;&#x9A4;&#x9BF;&#x9B9;&#x9BE;&#x9B8; </subfield>
    <subfield code="z">&#x9AA;&#x9B6;&#x9CD;&#x99A;&#x9BF;&#x9AE;&#x9AC;&#x982;&#x997; (&#x9AD;&#x9BE;&#x9B0;&#x9A4;) </subfield>
    <subfield code="9">122571</subfield>
  </datafield>
  <datafield tag="700" ind1=" " ind2=" ">
    <subfield code="a"> &#x99C;&#x9BE;&#x9AB;&#x9B0;, &#x986;&#x9AC;&#x9C1; &#x985;&#x9A8;&#x9C2;&#x9A6;&#x9BF;&#x9A4; </subfield>
    <subfield code="9">120696</subfield>
  </datafield>
  <datafield tag="942" ind1=" " ind2=" ">
    <subfield code="2">ddc</subfield>
    <subfield code="c">BK</subfield>
    <subfield code="0">3</subfield>
  </datafield>
  <datafield tag="999" ind1=" " ind2=" ">
    <subfield code="c">39785</subfield>
    <subfield code="d">39785</subfield>
  </datafield>
  <datafield tag="952" ind1=" " ind2=" ">
    <subfield code="0">0</subfield>
    <subfield code="1">0</subfield>
    <subfield code="2">ddc</subfield>
    <subfield code="4">0</subfield>
    <subfield code="7">1</subfield>
    <subfield code="8">NFIC</subfield>
    <subfield code="a">RUCL</subfield>
    <subfield code="b">RUCL</subfield>
    <subfield code="c">Reading</subfield>
    <subfield code="d">2016-04-13</subfield>
    <subfield code="e">Viddasogor, Rajshahi</subfield>
    <subfield code="g">600.00</subfield>
    <subfield code="l">0</subfield>
    <subfield code="o">B 954.14  CHD 2016</subfield>
    <subfield code="r">2016-04-18 00:00:00</subfield>
    <subfield code="t">C-1</subfield>
    <subfield code="w">2016-04-18</subfield>
    <subfield code="y">BK</subfield>
  </datafield>
  <datafield tag="952" ind1=" " ind2=" ">
    <subfield code="0">0</subfield>
    <subfield code="1">0</subfield>
    <subfield code="2">ddc</subfield>
    <subfield code="4">0</subfield>
    <subfield code="7">0</subfield>
    <subfield code="8">NFIC</subfield>
    <subfield code="a">RUCL</subfield>
    <subfield code="b">RUCL</subfield>
    <subfield code="c">Stack</subfield>
    <subfield code="d">2016-04-13</subfield>
    <subfield code="e">Viddasogor, Rajshahi</subfield>
    <subfield code="g">600.00</subfield>
    <subfield code="l">6</subfield>
    <subfield code="o">B 954.14  CHD 2016</subfield>
    <subfield code="r">2018-05-14 00:00:00</subfield>
    <subfield code="s">2018-05-09</subfield>
    <subfield code="t">C-2</subfield>
    <subfield code="w">2016-04-18</subfield>
    <subfield code="y">BK</subfield>
  </datafield>
  <datafield tag="952" ind1=" " ind2=" ">
    <subfield code="0">0</subfield>
    <subfield code="1">0</subfield>
    <subfield code="2">ddc</subfield>
    <subfield code="4">0</subfield>
    <subfield code="7">0</subfield>
    <subfield code="8">NFIC</subfield>
    <subfield code="a">RUCL</subfield>
    <subfield code="b">RUCL</subfield>
    <subfield code="c">Stack</subfield>
    <subfield code="d">2016-04-13</subfield>
    <subfield code="e">Viddasogor, Rajshahi</subfield>
    <subfield code="g">600.00</subfield>
    <subfield code="l">4</subfield>
    <subfield code="m">1</subfield>
    <subfield code="o">B 954.14  CHD 2016</subfield>
    <subfield code="r">2020-03-12 00:00:00</subfield>
    <subfield code="s">2020-03-05</subfield>
    <subfield code="t">C-3</subfield>
    <subfield code="w">2016-04-18</subfield>
    <subfield code="y">BK</subfield>
  </datafield>
</record>
